5HLuxD.jpg

KING HENRY VIII SENIOR AND PRIMARY SCHOOL LIBRARY OPAC

King Lear / (Record no. 2863)

000 -LEADER
fixed length control field 01196cam a2200373 a 4500
001 - CONTROL NUMBER
control field 017163969
003 - CONTROL NUMBER IDENTIFIER
control field UkOxU
005 - DATE AND TIME OF LATEST TRANSACTION
control field 20230825151049.0
008 - FIXED-LENGTH DATA ELEMENTS--GENERAL INFORMATION
fixed length control field 090319r20091997enka b 001 0 eng d
020 ## - INTERNATIONAL STANDARD BOOK NUMBER
International Standard Book Number 9781903436592 (pbk.)
020 ## - INTERNATIONAL STANDARD BOOK NUMBER
International Standard Book Number 1903436583
035 ## - SYSTEM CONTROL NUMBER
System control number (UkLeU)b30348857
035 ## - SYSTEM CONTROL NUMBER
System control number (UkLCURL)04b30348857
038 ## - RECORD CONTENT LICENSOR
Record content licensor OCoLC
040 ## - CATALOGING SOURCE
Transcribing agency KH8
049 ## - LOCAL HOLDINGS (OCLC)
Local processing data o
082 ## - DEWEY DECIMAL CLASSIFICATION NUMBER
Classification number 800 SHA
090 ## - LOCALLY ASSIGNED LC-TYPE CALL NUMBER (OCLC); LOCAL CALL NUMBER (RLIN)
Classification number (OCLC) (R) ; Classification number, CALL (RLIN) (NR) Lee
Local cutter number (OCLC) ; Book number/undivided call number, CALL (RLIN) English G-15 SHA
100 1# - MAIN ENTRY--PERSONAL NAME
Personal name Shakespeare, William,
Dates associated with a name 1564-1616,
Relator term author.
245 10 - TITLE STATEMENT
Title King Lear /
Statement of responsibility, etc. edited by R.A. Foakes.
260 ## - PUBLICATION, DISTRIBUTION, ETC.
Place of publication, distribution, etc. London :
Name of publisher, distributor, etc. Arden Shakespeare/Cenage Learning,
Date of publication, distribution, etc. [2009?]
300 ## - PHYSICAL DESCRIPTION
Extent xvii, 437 p. :
Other physical details ill. ;
Dimensions 21 cm.
490 1# - SERIES STATEMENT
Series statement Arden Shakespeare. Third series
500 ## - GENERAL NOTE
General note First published in 1997 by Thomas Nelson and Sons.
500 ## - GENERAL NOTE
General note Includes index.
504 ## - BIBLIOGRAPHY, ETC. NOTE
Bibliography, etc. note Includes bibliographical references.
600 10 - SUBJECT ADDED ENTRY--PERSONAL NAME
Personal name Shakespeare, William,
Dates associated with a name 1564-1616.
Title of a work King Lear.
600 00 - SUBJECT ADDED ENTRY--PERSONAL NAME
Personal name Lear,
Titles and other words associated with a name King of England (Legendary character)
Form subdivision Drama.
650 #0 - SUBJECT ADDED ENTRY--TOPICAL TERM
Topical term or geographic name entry element Fathers and daughters
Form subdivision Drama.
650 #0 - SUBJECT ADDED ENTRY--TOPICAL TERM
Topical term or geographic name entry element Kings and rulers
Form subdivision Drama.
700 1# - ADDED ENTRY--PERSONAL NAME
Personal name Foakes, R. A.
800 1# - SERIES ADDED ENTRY--PERSONAL NAME
Personal name Shakespeare, William,
Dates associated with a name 1564-1616.
Title of a work Works.
Date of a work 1995.
942 ## - ADDED ENTRY ELEMENTS (KOHA)
Source of classification or shelving scheme
Koha item type Teaching Resources
Holdings
Withdrawn status Lost status Source of classification or shelving scheme Damaged status Not for loan Collection code Permanent Location Current Location Shelving location Date acquired Full call number Barcode Date last seen Price effective from Koha item type
          Teaching Resources KH8 Senior School Library KH8 Senior School Library Staff Office 2023-08-25 800 SHA TRKHSL002438 2023-08-25 2023-08-25 Teaching Resources
          Teaching Resources KH8 Senior School Library KH8 Senior School Library Staff Office 2023-08-25 800 SHA TRKHSL002439 2023-08-25 2023-08-25 Teaching Resources
          Teaching Resources KH8 Senior School Library KH8 Senior School Library Staff Office 2023-08-25 800 SHA TRKHSL002440 2023-08-25 2023-08-25 Teaching Resources
          Teaching Resources KH8 Senior School Library KH8 Senior School Library Staff Office 2023-08-25 800 SHA TRKHSL002441 2023-08-25 2023-08-25 Teaching Resources

Powered By KH8 IT Dept